000 00375nam a2200145 i 4500
001 bg
100 1 _aBOCHEŃSKI, Aleksander
245 0 _aKryzys Polski i kryzys ludzkości /
_cA. Bocheński.
260 _aWarszawa,
_c1984.
040 _cBPK
041 _apol
080 _a323:316:338.2(438)"19":338.12(100)"19"
942 _cKS
008 s pl f |000 0 pol
999 _c1090
_d1090
856 _uhttp://koha.tu.koszalin.pl/cgi-bin/koha/opac-detail.pl?biblionumber=1090
_yKatalog online BPK